Mixed Word: Rock'n R Quiz Stats

 Plays Quiz Updated Jul 23, 2020

Support Sporcle.
Go Orange.
Score 0/30 Timer 05:00
0 Plays Today
% Correct
Rome
93.4%
Red Hot Chili Peppers
91.1%
Run D.M.C.
89.6%
Rabbit
88.3%
Rudy
87.8%
Ravens
82.9%
Riga
82.9%
Run Lola Run
82.8%
Raptors
82%
Rockets
81.8%
Rangers
78%
Raccoon
77.3%
Rescue 911
75.8%
Rabat
75.2%
Rattlesnake
69.3%
% Correct
Royals
69.2%
Radiohead
67.7%
Rooster
66.9%
Reservoir Dogs
58.5%
Rhinoceros
52.9%
Rocko's Modern Life
48.3%
Roswell
47.8%
Remy Zero
41%
Rancid
41%
Reykjavik
40.4%
Rushmore
39.1%
Riyadh
30%
Roseanne
25.6%
Rounders
24.9%
Reading Rainbow
17.2%

From the Vault

Smaller Than Portugal?

by metakoopa99

It's a small world, and an even smaller Portugal.
Remove Ads.
Support Sporcle.
Get the best of Sporcle when you Go Orange. This ad-free experience offers more features, more stats, and more fun while also helping to support Sporcle. Thank you for becoming a member.

Show Comments

Extras

Top Quizzes Today


Score Distribution

Your Account Isn't Verified!

In order to create a playlist on Sporcle, you need to verify the email address you used during registration. Go to your Sporcle Settings to finish the process.

Report this User

Report this user for behavior that violates our Community Guidelines.

Details: